Statistiques concernant My hero academia nom de Héros/Vilains

Cliquez ici pour prendre le quiz!

Statistiques générales

  • Ce quiz a été pris 216 fois
    (160 depuis la dernière actualisation)
  • Le résultat moyen est 37 sur 213

Statistiques - réponses

Seconde ANom de code% Correct
Izuku MidoriyaDeku
99%
Shoto TodorokiShoto
83%
Ochako UrarakaUravity
75%
Eijiro KirishimaRed Riot
70%
Tsuyu AsuiFroppy
69%
Tensei Iida | Tenya IidaIngenium
64%
Mirio TogataLemillion
64%
Toshinori YagiAll Might
62%
Momo YaoyorozuCreaty
60%
Touya TodorokiCrematorium
57%
Kyoka JiroEarphone Jack
57%
Idole de shigarakiAll For One
53%
Shota AizawaEraser Head
53%
Keigo TakamiHawks
52%
Toru HagakureInvisible Girl
51%
Jin BubaigawaraTwice
50%
Denki KaminariChargeclair
47%
Mina AshidoPinky
47%
Nemuri KayamaMidnight
46%
Hizashi YamadaPresent Mic
46%
Rikido SatoSugar Man
46%
Tenko ShimuraTomura Shigaraki
46%
Katsuki BakugoDynamight
45%
kai ChisakiOverhaul
45%
Oboro Shirakumo (le corps)Black Mist
44%
Le proviseurNezu
44%
Tamaki AmajikiSun Eater
44%
Hanta SeroCellophane
41%
Enji TodorokiEndevor
40%
Minoru MinetaGrape Juice
40%
Koji KodaAnima
39%
Héros spatialNumero 13
38%
Mashirao OjiroTail Man
38%
Tsunagu HakamataBest Jeanist
37%
Shinji NishidaDieu Sylvestre
37%
Mezo ShojiTentapoulpe
37%
Le héros machine à laverWash
36%
Fumikage TokoyamiTsukuyomi
35%
Yuga AoyamaCan't stop twinkling
34%
Ken IshiyamaCementos
34%
Sniper de yueiSnipe
34%
Le prof de mathEctoplasm
33%
Shuishi IgushiSpinner
33%
Chizome AkaguroStain
33%
Atsuhiro SakoMister Compress
32%
Imatsuji GotoMuscular
32%
Sorahiko TorinoGran Torino
31%
Yu TakeyamaMount Lady
31%
Rumi UsagiyamaMirko
30%
Ryuko TatsumaRyukyu
30%
Shinya KamiharaEdgeshot
29%
Nejire HadoNejire
29%
Rikiya YotsubashiRe-Destro
29%
Taishiro ToyomistuFat Gum
27%
Danjuro TobitaGentle
27%
Chiyo ShuzenjiRecovery Girl
27%
Kenji HikiishiMagnet
26%
Masaki MizushimaManual
24%
Mirai SasakiSir Night Eye
24%
Sekijiro KanVlad King
24%
Shield HeroCrust
23%
le Héros de la bastonGun Head
23%
Manami AibaLove Lover
23%
Shino SosakiMandalay
23%
Le héros virileCrimson Riot
22%
Kugo SakamataGang Orca
22%
Ancienne héroïne de la sécurité publiqueLady nagant
21%
Dents tranchanteMoonfish
21%
Neito MonomaPhantom Thief
21%
Ryuko TsuchiwaPixie-bob
21%
Yawara ChatoraTora
21%
Ken TakagiLock Lock
20%
Le gaz du camp d'étéMustard
19%
Ryo InuiHound Dog
18%
Tomoko ShiretokoRagdoll
18%
Tetsutetsu TetsutesuReal steel
18%
Chikara YotsubaDestro
17%
Emi FukukadoMiss Joke
17%
Higari MajimaPower Loader
17%
Ibara ShirozakiVine
17%
Juruto ShishidaGevaudan
16%
Inasa YoarashiOuragan
16%
Kaoruko AwataBubble Girl
15%
Moe KamajiBurning
15%
Juzo MoashiCentipede
15%
Manga FukidashiComics Man
15%
Yoroi MushaSamouraï
15%
Itsuka KendoBattle Fist
14%
Juzo HonenukiMudman
14%
Hari KuronoChronostasis
13%
Numero 1 des Etats-UnisStar and Stripes
13%
Chitose KizukiCurious
11%
Setsuna TokageLizardy
11%
Kinoko KomoriMagirolle
11%
Le héros magiciensMajestic
11%
Joi IrinakaMimic
11%
Koku HanabataTrumpet
11%
Le héros pompiersBackdraft
10%
Kojiro BondoMaquette
10%
Shihai KuroiroVantablack
10%
Reiko YanagiEmily
9%
Parent de kotaWater Horse
9%
Groupe anti-anomalies corporellesCommunauté de rejet des anomalies
8%
Contrôle les ligneEnding
8%
Kagero OkutaGiran
8%
Togaru KamakiriJack Mantis
8%
Brainless de teleportationJohnny
8%
Daigoro BanjoLariat
8%
Vilains du chapitre 1Le gluant
8%
Cantine de yueiLunch Ruch
8%
Nirengeki ShodaMines
8%
Yui YodaiRule
8%
L'héroïne de serpentUwabami
8%
Le héros à l'œil révolverX-less
8%
Ami de mont lady et dieu sylvestreBare Handeath
7%
Hiryu RinDragon Armor
7%
Yosetsu AwaseWelder
7%
Contrôle la glaçeApocrypha
6%
Kyudai GarakiDaruma Ujiko
6%
Héros pro EgyptienSalaam
6%
Sen KaibaraSpiral
6%
Tatami NakagameTurtle Neck
6%
Le héros réacteurAir-Jet
5%
Itejiro TotekiBoomerang Man
5%
Évadée de tartarusDictator
5%
Brainless éléphantEleph
5%
Brainless a capucheHood
5%
Oboro ShirakumoLoud Cloud
5%
Agence EndevorOnima
5%
Kazuho HaneyamaPop Step
5%
Victime de stainRed Skin
5%
groupe de voleur tuée par OverhaulReservoir Dogs
5%
Yo ShindoRichter
5%
Contrôle le verreServiteur des étoile
5%
Numéro 13 des super hérosShishido
5%
Tatsuyuki TokonameSliding Go
5%
Sajin HigawaraSnatch
5%
Haimawari KōichiThe Crawler
5%
Gardien de TartareBriarée
4%
Iwao OguroKnuckle Duster
4%
Brainless cloneurMocha
4%
Participe a l'opération anti OverhaulSlash Man
4%
Brainless femmeWoman
4%
Nagamasa MoraChewyee
3%
Participe a l'opération anti OverhaulMister Brave
3%
Shikkui MakabeMr Smith
3%
Iwao Oguro (ancienement)O'Clock
3%
Vilain Aquatique du SCAOxy-man
3%
Brainless robotRobot
3%
Vilain requin du SCASharkyonara
3%
Au même lycée que gentleTakeshita
3%
Vilain Electrique du SCATesla
3%
Iwao Oguro (anciennement sous couverture)The Ripper
3%
Kazuho Haneyama (Corp)Bee Pop
2%
Héros pro SingapourienBig Red Dot
2%
Vilain Planté du SCAChomper
2%
Brainless gonfleurChubs
2%
groupe de voleur arrête par shoto et katsukiCider House
2%
Vilains cow-boyCowcow-boy
2%
heros pro qui a inspirée FumikageDark crystal
2%
Vilain Aquatique du SCADrowned man
2%
Heros Tuer Par TogaEal boy
2%
Vilain Aquatique du SCAécume
2%
Agence IngeniumEnigma
2%
Vilain Gravitationnel du SCAGravitational Spring
2%
Fille PsychopatheHamiko Toga
2%
Vilain Musclé du SCAHard Head
2%
Vilain invisible du SCAInvisible Wall
2%
Imatsuji GotoJailbreaker
2%
Kemi utsushimiKemillusion
2%
Agence EndevorKido
2%
Vilain Contrôleur de Cheveux du SCAMartial Hair
2%
Vilain Minotaure du SCAMinotaurus
2%
Vilain Musclé du SCAMuscle Man
2%
Vilain Contrôleurs de Cheveux du SCANeedle Hair
2%
Rokuro NomuraO'Clock II
2%
Brainless fouetRibby
2%
Vilain avec Griffes du SCASickle Claw
2%
Chizome AkaguroStendhal
2%
Vilain Geant du SCAStitched Giant
2%
Kendo RappaThe Rapper
2%
Vilain Papiers du SCAThousand Eyes
2%
Rumi Usagiyama (anciennement)Tiger Bunny
2%
Vilain aux doigt Pistolet du SCAVictor
2%
Vilain Aquatique du SCAWater Boy
2%
Christopher SkylineCapitaine Celebrity
1%
Deux dealers mantes religieuseDouble Hotta
1%
Combattant souterrainDrunk Lee
1%
Vilain gigantesqueGigatomachia
1%
Gardien de TartareGyrès
1%
Maitre des bêteMaster Beast
1%
Agence midnightMidnight boy
1%
SensojiMister Blaster
1%
Vilain du SCAPoison Chainsaw
1%
Seiji ShishikuraShishicross
1%
Tomoyasu ChikazuSkepic
1%
Vilain Aux Quatre Bras du SCASteel Bulwark
1%
Agence IngeniumBigshot
0%
Hokuto HarioCompass Kid
0%
Vilains foot balleurEmpereur Natocan
0%
Le héros chevaleresqueFouth King
0%
Vilain stockeurGarvey
0%
Tenma NakaojiHis Purple Highness
0%
Tamao OguroKuin Hachisuka
0%
Fan de course arrêté par IngeniumLa chauve-souris
0%
Teruo UnagisawaL'anguille électrique
0%
Club de Karate du Lycée MazingaMazinger Brothers
0%
Rokuro NomuraNuméro 6
0%
gang de Cowcow-boyStampede Holsein
0%
kamikaze arrêté par MidnightSuicide Bomber
0%
trio voleurs de culottesTempetes et passion
0%
Ancien groupe de Present MicUnion Buster
0%

Distribution des résultats

Percentile par nombre de réponses

% des personnes avec chaque résultat

Votre développement - résultats

Vous n’avez pas pris ce quiz depuis la dernière actualisation